Les 10 Animaux les plus dangeureux - Statistiques

Statistiques générales
  • Ce quiz a été pris 3 861 fois
  • Le résultat moyen est 6 sur 10
Statistiques - réponses
Hint Réponse % Correct
3 Lion
93%
7 Requin
86%
2 Serpent
83%
5 Elephant
69%
10 Hippopotame
69%
1 Moustique
69%
4 Crocodile
66%
9 Meduse
36%
6 Grizzly
8%
8 Requin Blanc
7%
Aucun quiz correspondant
Distribution des résultats
% des personnes avec chaque résultat
Percentile par nombre de réponses
Votre historique - résultats
Vous n’avez pas pris ce quiz